[Event "CAN-ch U18"]
[Site "Windsor"]
[Date "2016.07.06"]
[Round "2.3"]
[White "Mirajkar, Mohammed"]
[Black "Doknjas, John"]
[Result "0-1"]
[WhiteElo "791"]
[BlackElo "2239"]
[PlyCount "74"]
[EventDate "2016.07.05"]
[EventType "swiss"]
[EventRounds "7"]
[EventCountry "CAN"]
[SourceTitle "EXT 2022"]
[Source "ChessBase"]
[SourceDate "2021.10.06"]
[SourceVersion "1"]
[SourceVersionDate "2021.10.06"]
[SourceQuality "1"]

1. e4 c5 2. Nf3 e6 3. Nc3 d6 4. d4 cxd4 5. Nxd4 Nf6 6. Bg5 Be7 7. Nf3 Qb6 8. Rb1 a6 9. Bc4 Qc7 10. Qd3 Nbd7 11. h3 Nc5 12. Qe3 Ncxe4 13. Nxe4 Qxc4 14. Nxf6+ gxf6 15. Bh4 Rg8 16. Kd2 e5 17. g3 Bf5 18. Rbc1 Rc8 19. g4 Bg6 20. Rhg1 Qb4+ 21. Ke2 Qb5+ 22. Kd2 Qxb2 23. Qb3 Qxb3 24. cxb3 Kd7 25. g5 fxg5 26. Bxg5 Bxg5+ 27. Nxg5 Rxc1 28. Rxc1 Rc8 29. Rxc8 Kxc8 30. Ke3 f6 31. Ne4 Bxe4 32. Kxe4 Kd7 33. Kd5 f5 34. f3 Ke7 35. a3 Kd7 36. b4 b5 37. h4 h5 0-1